| 000 | 01568nam a2200217Ia 4500 | ||
|---|---|---|---|
| 999 |
_c19081 _d19081 |
||
| 003 | OSt | ||
| 005 | 20210824124251.0 | ||
| 008 | 160316s2000 xxu||||| |||| 00| 0 eng d | ||
| 020 | _a9780140298833 | ||
| 040 | _cnls | ||
| 082 |
_a338.900000 _bTHA |
||
| 100 | _aThapar Romila | ||
| 245 | _aIndia : Another millennium? | ||
| 260 |
_aNew Delhi _bViking /Penguing Books India _c2000 |
||
| 300 |
_a317p _cvii |
||
| 365 | _bRs.395 | ||
| 505 | _aCONTENTS: Note on Contributors vii; Will a Millennium be Coming Our Way? Romila Thapar ix; Slow and Almost Steady Krishna Kumar 1; The Present in the Past: Trajectories for the Social History of Science Dhruv Raina; The Idea of Gender Equality: From Legislative Vision to Everyday Family Practices Bina Agarwal 36; Thinking Through Culture: A Perspective for the Millennium Rustom Bharucha 66; India's Unmodern Modernity Dipankar Gupta 85; The Balance of Democracy Sunil Khilnani 108; Dalits in Pursuit of Modernity Gopal Guru 123; A Minority Moves into Another Millennium Javeed Alam 137; The Age of Inequality P. Sainath 152; The Future of Marxism Prabhat Patnaik 169; Whither India? The Prospect of Prosperity Kaushik Basu 193; Making India a Significant IT Player in This Millennium N.R. Narayana Murthy 212; The Great Indian Media Bazaar: Emerging Trends and Issues for the Future N. Ram241; The Future of the Environment: Beyond Utopia and Doomsday Mahesh Rangarajan 293; Index 307. | ||
| 650 | _a1. Socio-Economic Development - India - History - 20th Century | ||
| 700 |
_a _a |
||
| 942 |
_2ddc _cBK |
||